000 00269nam a2200121Ia 4500
008 241002s9999 xx 000 0 und d
082 _a808.83 WEL
100 _aWells H.G
245 0 _aTales of Wonder
260 _aLondon:
_c1953
600 _aLiterature
942 _cUC
999 _c18822
_d18822